000 00614nam a2200241Ia 4500
003 OSt
005 20220924122012.0
006 a|||||r|||| 00| 0
007 ta
008 220923b |||||||| |||| 00| 0 urd d
020 _c10.00
024 _a311699
037 _cTextual
040 _aARTS
_cARTS
_burd
041 _2urd
_aurd
082 _aO168,1:g, L6
100 _aNasr M. A.
_9187911
245 0 _aLafz-o-pai kar
260 _aKolkata
_bWarsi Publishers India
_c1976
650 _aURDU POETRY
942 _hO168,1:g, L6
_cTEXL
_2CC
999 _c409804
_d409804